Word Ladder: Taylor Swift Songs Quiz Stats

 Plays Quiz Updated Mar 31, 2016

Challenge
Share
Tweet
Embed
Score 0/20 Timer 03:00
5 Plays Today
Hint 4-Letter Word % Correct
• Taylor Swift song: '____ Story' •• LOVE •
94.1%
• Taylor Swift song: 'Picture to ____' •• BURN •
91.8%
• 1-word Taylor Swift song or 2004 film: '____ Girls' •• MEAN •
90.5%
• 1-word Taylor Swift song or not yours •• MINE •
89.5%
Fourth planet from the sunMARS
88%
Ice cream holderCONE
87.9%
Kidney, lima, or navy, e. g.BEAN
87%
Hair on a male lionMANE
87%
• 1-word T. Swift song or word showing joint possession •• OURS •
84.6%
Capital of SwitzerlandBERN
83.4%
Hint 4-Letter Word % Correct
Female horseMARE
82.9%
Metal with symbol PbLEAD
81.3%
Small sheltered bayCOVE
79.7%
Boat-propelling toolsOARS
78.6%
Fermented honey drinkMEAD
76.4%
Vocal or musical soundTONE
74.7%
Fork prongTINE
73.7%
Burden to be carriedLOAD
72.3%
Title of Byron and TennysonLORD
69.7%
Traditional body of knowledgeLORE
67.7%

Today's Daily Dose

You're not logged in!

Compare scores with friends on all Sporcle quizzes.
Join for Free
OR
Log In

You Might Also Like...

Show Comments

Extras

Top Quizzes Today


Score Distribution

Your Account Isn't Verified!

In order to create a playlist on Sporcle, you need to verify the email address you used during registration. Go to your Sporcle Settings to finish the process.

Report this User

Report this user for behavior that violates our Community Guidelines.

Details: